Psicología de la forma

Uloženo v:
Podrobná bibliografie
Hlavní autor: Köhler, Wolfgang (Autor)
Médium: Kniha
Jazyk:španělština
Vydáno: Buenos Aires Argonauta 1948
Edice:Biblioteca filosófica Argonauta
Témata:
Tagy: Přidat tag
Žádné tagy, Buďte první, kdo vytvoří štítek k tomuto záznamu!

MARC

LEADER 00000nam a2200000 a 4500
001 UCY6183
003 CL-VaPUC
008 950521e19480000AG |||||||||||||||||spa|d
082 0 4 |a 150.198  |b KOH  |2 21 
100 |a Köhler, Wolfgang  |e author  |9 306247 
245 1 0 |a Psicología de la forma 
300 |a 302 p 
942 |c BK 
945 |d 19950521 00:00:00  |a cmena 
260 |a Buenos Aires  |b Argonauta  |c 1948 
650 0 |a Psicología   |9 257863 
650 7 |a BEHAVIORISMO  |2 CL-VaPUC  |9 334658 
650 7 |a ESCUELAS DE PSICOLOGIA  |2 CL-VaPUC  |9 334607 
650 7 |a PSICOLOGIA DE LOS PROCESOS SENSORIALES  |2 CL-VaPUC  |9 335983 
650 0 |a Comportamiento   |9 308406 
650 0 |a Aprendizaje   |9 254827 
650 0 |a Experiencia  |9 308852 
583 |a last modification  |c 19950521 00:00:00  |k Rodrigo Vera 
490 0 |a Biblioteca filosófica Argonauta 
999 |c 233763  |d 233761 
952 |0 0  |1 0  |4 0  |6 150_198000000000000_KOH_1948  |7 0  |8 P  |9 239496  |a BIBEDU  |b BIBEDU  |c BIBEDU_PB  |d 2019-11-18  |i 1507354  |o 150.198 KOH 1948  |p 1507354  |r 2024-01-25  |w 2019-11-18  |y BK  |k EDU